| 000 | 00511nam a2200181Ia 4500 | ||
|---|---|---|---|
| 005 | 20250923145907.0 | ||
| 008 | 008 250917s9999 xx 000 0 eng d | ||
| 037 | _aTextual | ||
| 040 |
_aDSWL _beng _cDSWL |
||
| 041 |
_aeng _2eng |
||
| 084 |
_aYXZ1-34;5.275, N92 _qDSWL |
||
| 100 |
_aReddy, N. _9840024 |
||
| 245 | 0 |
_aStreet children of Bangalore _c by N. Reddy |
|
| 260 |
_aNoida _b N.L.I. _c1992 |
||
| 300 | _a128p. | ||
| 942 |
_cTEXL _hYXZ1-34;5.275, N92 |
||
| 999 |
_c1457037 _d1457037 |
||